The great alternative (Record no. 552480)

000 -LEADER
fixed length control field 00562cam a2200169Ka 4500
082 ## - DEWEY DECIMAL CLASSIFICATION NUMBER
Classification number 327.42
Author Mark WIL
100 1# - MAIN ENTRY--PERSONAL NAME
Personal name Wilkinson, Spenser,
9 (RLIN) 49325
245 14 - TITLE STATEMENT
Title The great alternative
Remainder of title a plea for a national policy /
Statement of responsibility, etc. by Spenser Wilkinson.
250 ## - EDITION STATEMENT
Edition statement New ed.
260 ## - PUBLICATION, DISTRIBUTION, ETC.
Place of publication, distribution, etc. Westminster [England] :
Name of publisher, distributor, etc. Archibald Constable,
Date of publication, distribution, etc. 1902.
300 ## - PHYSICAL DESCRIPTION
Extent xii, 332 p. ;
Dimensions 20 cm.
526 ## - STUDY PROGRAM INFORMATION NOTE
Program name 0
Interest level 0
Reading level 0
Title point value 327_420000000000000_WIL
650 #0 - SUBJECT ADDED ENTRY--TOPICAL TERM
Topical term or geographic name entry element Imperialism.
9 (RLIN) 49704
650 #0 - SUBJECT ADDED ENTRY--TOPICAL TERM
Topical term or geographic name entry element MCE
9 (RLIN) 379
856 40 - ELECTRONIC LOCATION AND ACCESS
Uniform Resource Identifier <a href="http://catalog.hathitrust.org/api/volumes/oclc/9212731.html">http://catalog.hathitrust.org/api/volumes/oclc/9212731.html</a>
942 ## - ADDED ENTRY ELEMENTS (KOHA)
Source of classification or shelving scheme
Koha item type Book
Holdings
Withdrawn status Lost status Source of classification or shelving scheme Damaged status Not for loan Permanent Location Current Location Shelving location Date acquired Total Checkouts Full call number Barcode Date last seen Price effective from Koha item type
          Military College of Engineering (MCE) Military College of Engineering (MCE)   01/16/2015   327.42 WIL MCE-ECG/24 01/16/2015 01/16/2015 Book
© 2023 Central Library, National University of Sciences and Technology. All Rights Reserved.